000
00312nam a22001337a 4500
008
180928b xxu||||| |||| 00| 0 eng d
020
_a
9780471159056
041
_a
eng
080
_2
7th
_a
339.138
100
_a
60
101
_a
MAR
245
_a
Marketing mistakes and successes
_c
Hartley,R.F
942
_2
udc
_c
BK
999
_c
48686
_d
48686